Norbert Elias, retrato de un marginado/

Salvato in:
Dettagli Bibliografici
Autore principale: Béjar, Helena
Natura: Libro
Lingua:Spanish
Tags: Aggiungi Tag
Nessun Tag, puoi essere il primo ad aggiungerne!!

MARC

LEADER 00000nam a22000007a 4500
003 cru CIDCACS/IIS
005 20180214153027.0
007 ta
008 180214s1994 sp |||||r||||||0| ||spa|d
999 |c 40994  |d 40994 
040 |c cru CIDCACS/IIS 
100 1 |9 6634  |a Béjar, Helena 
245 1 |a Norbert Elias, retrato de un marginado/  |c Helena Béjar 
300 |a páginas 13-26: 
773 0 |0 40983  |9 1797  |a Centro de Investigaciones Sociológicas (España)  |d Madrid, España: CIS,  |o 18463  |t REIS:  |x 02105233 
942 |2 ddc  |c PP